000 00586nam a2200217 a 4500
008
020 _a0340525118 (pbk.)
049 _aMAIN
090 _aTK7815
100 1 _aLinsley, Trevor.
245 1 0 _aElectronics for electricians /
_cTrevor Linsley.
260 _aLondin :
_bEdward Arnold,
_c1990.
300 _ax, 195 p. :
_ill. ;
_c25 cm.
500 _aIncludes index.
650 0 _aElectronics.
907 _a.b10066469
_b21-02-04
_c17-04-03
003
005 20230123133445.0
040 _cNUST
942 _cBOOKS
_kTK7815
999 _c148919
_d148919